000
00254nam a2200097Ia 4500
001
1041931
005
20250826232051.0
008
250824s9999 xx 000 0 und d
245
0
_a
TÜRKİSTANIN KEŞİF ÇAĞI
_c
MURAT ÖZKAN
260
_b
KRONİK YAYINLARI
999
_c
1041931
_d
1041931